Normal view
MARC view
Entry Personal Name
001 - CONTROL NUMBER
- control field: 46248
003 - CONTROL NUMBER IDENTIFIER
- control field: dpl
005 - DATE AND TIME OF LATEST TRANSACTION
- control field: 20120503111208.0
008 - FIXED-LENGTH DATA ELEMENTS
- fixed length control field: 120503|||a|||||| | ||| d
040 ## - CATALOGING SOURCE
- Original cataloging agency: dpl
- Transcribing agency: dpl
100 ## - HEADING--PERSONAL NAME
- Personal name: Thomas, Aby K.
670 ## - SOURCE DATA FOUND
- Source citation: Work cat.: (dpl): Korah, Reeba 16472, Electric circuits and electron devices /, 2012
670 ## - SOURCE DATA FOUND
- Source citation: Work cat.: (dpl): Korah, Reeba 16472, Electric circuits and electron devices /, 2012
